Diagnóstico de la cultura judicial peruana
I tiakina i:
| Kaituhi matua: | |
|---|---|
| Hōputu: | Pukapuka |
| Reo: | Pāniora |
| I whakaputaina: |
Lima
Academia de la Magistratura
1996
|
| Ngā marau: | |
| Ngā Tūtohu: |
Tāpirihia he Tūtohu
Kāore He Tūtohu, Me noho koe te mea tuatahi ki te tūtohu i tēnei pūkete!
|
MARC
| LEADER | 00000nam a2200000 a 4500 | ||
|---|---|---|---|
| 001 | UCG2100 | ||
| 003 | CL-VaPUC | ||
| 008 | 100610e19960100PE |||||||||||||||||spa|d | ||
| 082 | 0 | 4 | |a 349.85 |b LEO |2 21 |
| 100 | 0 | |a León Pastor, Ricardo |e author |9 550407 | |
| 245 | 1 | 0 | |a Diagnóstico de la cultura judicial peruana |
| 300 | |a 62 p | ||
| 942 | |c BK | ||
| 945 | |d 20100610 00:00:00 |a dcastane | ||
| 260 | |a Lima |b Academia de la Magistratura |c 1996 | ||
| 650 | 0 | |a Derecho peruano |9 386941 | |
| 650 | 0 | |a Ordenamiento jurídico |9 355371 | |
| 650 | 0 | |a Filosofía del derecho |9 255050 | |
| 651 | 0 | |a Perú |9 256567 | |
| 583 | |a last modification |c 20170614 09:28:28 |k Rodrigo Vera | ||
| 999 | |c 341337 |d 341335 | ||
| 952 | |0 0 |1 0 |2 ddc |4 0 |6 349_850000000000000_LEO_1996 |7 0 |8 A |9 436720 |a BIBDER |b BIBDER |d 2019-11-22 |i 4683714 |o 349.85 LEO 1996 |p 4683714 |r 2023-01-25 |w 2019-11-22 |y MX |k DER | ||